000 00845nam a2200253Ia 4500
003 OSt
005 20220918171400.0
006 a|||||r|||| 00| 0
007 ta
008 220917b |||||||| |||| 00| 0 eng d
020 _a9781591586319 (pbk)
_c2762.09
024 _a279,981
037 _b11444, 18/03/2014, Elite Publishers Distributors
_cTextual
040 _aARTS
_cARTS
_beng
041 _2eng
_aeng
082 _aT:3(2N7), P9
100 _aGrealy Deborah S.
_936210
245 0 _aFrom research to practice
_b The scholarship of teaching and learning in LIS education
260 _aLondon
_bLibraries Unlimited UK
_c2009
300 _axiv, 163p.
_ccm.
650 _aEDUCATION
942 _hT:3(2N7), P9
_cTEXL
_2CC
999 _c139304
_d139304